000 00423nam a2200181Ia 4500
001 2524
005 20260306144813.0
008 260306t1964||||xx |||||||||||||| ||spa||
041 _aESP
082 _a616.8914
_bL27
100 _aBermann, Gregorio
_eAUT
245 0 _aLas psicoterapias y el psicoterapetua
260 _c1964
300 _apágs. :
_ccm.
650 _aGEN
654 _aCPS
942 _cLIB
_dJUS
_fJUS
_2ddc
_n
999 _c2524
_d2524